00233 a2200109 4500001000700000020000600007040001100013100003700024240002900061245002400090362000900114169668 a  cMagnum aMinisterio da Educacao e Cultura10a2 Anos da tv escolalpor10a2 Anos da tv escola0 a1899